Music Quiz

Random Music or Artist Quiz

Artist by 1st Top 40 Hit Quiz Stats

Quiz Updated Nov 17, 2016

Challenge
Share
Tweet
Embed
Score 0/60 Timer 08:00
8 Plays Today
1st Top 40 Hit Artist -or- Band % Correct
Heartbreak HotelElvis Presley
88.1%
I Want To Hold Your HandThe Beatles
87.4%
Smells Like Teen SpiritNirvana
87%
I Kissed A GirlKaty Perry
86.9%
Piano ManBilly Joel
79.4%
Girls Just Want To Have FunCyndi Lauper
76.7%
Killer QueenQueen
76.4%
Your SongElton John
75.5%
Surfin' SafariThe Beach Boys
75.2%
Born To RunBruce Springsteen
74.2%
In The Air TonightPhil Collins
73.7%
My Name IsEminem
71.7%
Hungry Like The WolfDuran Duran
71%
Wake Me Up Before You Go-GoWham!
70.8%
Crazy In LoveBeyoncé
66.1%
Tik TokKe$ha
64.8%
HolidayMadonna
64.4%
Just DanceLady Gaga
63.8%
Heart Of GlassBlondie
62.5%
Party Rock AnthemLMFAO
59.4%
Pride (In The Name Of Love)U2
57.3%
Me And Bobby McGeeJanis Joplin
55.3%
WaterlooABBA
55.2%
Where Is The Love?The Black Eyed Peas
54.2%
Manic MondayThe Bangles
52.8%
Whole Lotta LoveLed Zeppelin
52.7%
Pon De ReplayRihanna
47.4%
LingerThe Cranberries
46%
Fallin'Alicia Keys
43.1%
Subterranean Homesick BluesBob Dylan
39.9%
1st Top 40 Hit Artist -or- Band % Correct
Got To Be ThereMichael Jackson
38.7%
Keep On Loving YouREO Speedwagon
36.5%
PeachesThe Presidents of the United States of America
34.9%
Harder To BreatheMaroon 5
33.3%
Vision of LoveMariah Carey
33.2%
The One I LoveR.E.M.
33%
Don't You Want MeThe Human League
32.8%
Just What I NeededThe Cars
32.4%
Happy JackThe Who
32%
Tell Me (You're Coming Back)The Rolling Stones
31.4%
FlySugar Ray
31.2%
Ain't No SunshineBill Withers
31%
RunawayBon Jovi
30%
MotownphillyBoyz II Men
28.9%
Sara SmileHall & Oates
28.8%
You Give Good LoveWhitney Houston
27.3%
Fingertips - Part 1 & 2Stevie Wonder
26.2%
Morning Train (9 to 5)Sheena Easton
25.2%
RunawayDel Shannon
23.9%
Cherry, CherryNeil Diamond
22.8%
New York Mining Disaster 1941The Bee Gees
21.8%
Lost In LoveAir Supply
21.8%
The LookRoxette
20.7%
Baby I Need Your LovingFour Tops
19%
Ride Like The WindChristopher Cross
18.9%
You Send MeSam Cooke
18.5%
Live ForeverOasis
18.3%
I Need A LoverJohn Cougar Mellencamp
17.1%
Try A Little TendernessThree Dog Night
3.3%
Funky StuffKool & the Gang
3.1%

You're not logged in!

Compare scores with friends on all Sporcle quizzes.
Join for Free
OR
Log In

You Might Also Like...

Show Comments

Extras

Top Quizzes Today


Score Distribution

Your Account Isn't Verified!

In order to create a playlist on Sporcle, you need to verify the email address you used during registration. Go to your Sporcle Settings to finish the process.

Report this User

Report this user for behavior that violates our Community Guidelines.

Details: